| 000 | 01036nam a2200289 4500 | ||
|---|---|---|---|
| 001 | 0000021901 | ||
| 003 | CO-CtgCURN | ||
| 005 | 20250331185238.0 | ||
| 007 | ta | ||
| 008 | 160627s2008 000 0 eng d | ||
| 020 | _a9789589841860 | ||
| 040 |
_aCO-CtgCURN _bspa _ccoctgcurn |
||
| 082 | 0 |
_a624.177 _bG633p |
|
| 100 | 1 | _aGómez Villanueva, Alfredo. | |
| 245 | 1 | 0 |
_aPresupuesto de obras para edificaciones / _cAlfredo Gómez Villanueva. |
| 260 |
_aBarranquilla : _bCorporación Universitaria de la Costa, _c2008. |
||
| 300 | _axv, 96 p. | ||
| 336 | _2rdacontent | ||
| 337 |
_2rdamedia _asin mediacion _bn |
||
| 338 |
_2rdacarrier _avolumen _bnc |
||
| 504 | _aBibliografia (p. 96) | ||
| 505 | 8 | _aConcepto de proceso.--El diseño arquitectonico y los estudios tecnicos complementarios.--Costos de obra.--Costos generales.--Costos del lote | |
| 650 | 1 | 4 |
_aConstrucción _vPresupuesto. |
| 908 | _a160627 | ||
| 942 |
_cBK _h624.177 _iG633p _2ddc |
||
| 999 |
_c23958 _d23958 |
||